Govt. of
Madhya Pradesh

Mathemetics for NDA and NA (Record no. 33485)

MARC details
000 -LEADER
fixed length control field 004510000a22001810004500
003 - CONTROL NUMBER IDENTIFIER
control field MACL
005 - DATE AND TIME OF LATEST TRANSACTION
control field 20160122155531.0
008 - FIXED-LENGTH DATA ELEMENTS--GENERAL INFORMATION
fixed length control field 160122b xxu||||| |||| 00| 0 eng d
040 ## - CATALOGING SOURCE
Original cataloging agency MACL
Transcribing agency MACL
041 ## - LANGUAGE CODE
Language code of text/sound track or separate title English
082 ## - DEWEY DECIMAL CLASSIFICATION NUMBER
Classification number 510/AGG
100 ## - MAIN ENTRY--PERSONAL NAME
Personal name Aggarwal, R S
9 (RLIN) 33309
245 ## - TITLE STATEMENT
Title Mathemetics for NDA and NA
260 ## - PUBLICATION, DISTRIBUTION, ETC. (IMPRINT)
Name of publisher, distributor, etc. S Chand & Company LTD
Date of publication, distribution, etc. 2002
Place of publication, distribution, etc. New Delhi
350 ## - PRICE (NR) (BK AM CF MU VM SE) [OBSOLETE]
Price 275
650 ## - SUBJECT ADDED ENTRY--TOPICAL TERM
Topical term or geographic name as entry element Mathematics
9 (RLIN) 5682
942 ## - ADDED ENTRY ELEMENTS (KOHA)
Koha item type Books
Call number prefix 510/AGG
Source of classification or shelving scheme
Holdings
Withdrawn status Lost status Source of classification or shelving scheme Damaged status Not for loan Home library Current library Date acquired Cost, normal purchase price Total Checkouts Total Renewals Full call number Barcode Date last seen Date last checked out Uniform Resource Identifier Price effective from Koha item type
          MACL MACL 22/01/2016 275.00 1 1 510/AGG CLC000352 16/08/2015 03/07/2015 33544 15/04/2015 Books